[Event "Pan American-ch U20"]
[Site "Vila Santa Cecilia"]
[Date "2023.11.11"]
[Round "9.13"]
[White "Lima, Carlos Eduardo I De"]
[Black "Seccafim, Caic Dos Santos"]
[Result "1-0"]
[WhiteElo "1857"]
[BlackElo "2062"]
[PlyCount "101"]
[EventDate "2023.11.06"]
[EventType "swiss"]
[EventRounds "9"]
[EventCountry "BRA"]
[SourceTitle "CB46_2023"]
[SourceDate "2023.11.15"]
[SourceVersion "1"]
[SourceVersionDate "2023.11.15"]
[SourceQuality "1"]

1. d4 Nf6 2. c4 g6 3. Nc3 Bg7 4. e4 d6 5. h3 0-0 6. Nf3 c5 7. d5 b5 8. cxb5 a6 9. a4 axb5 10. Bxb5 Ba6 11. Bg5 h6 12. Be3 Qa5 13. 0-0 Nbd7 14. Qd3 Rfb8 15. Rfb1 Ne8 16. Kh2 Kh7 17. Nd2 Bxb5 18. Nxb5 Nc7 19. Nc4 Ne5 20. Nxe5 Bxe5+ 21. f4 Bg7 22. Bd2 Qb6 23. Nxc7 Qxc7 24. Ra2 c4 25. Qc2 Qc5 26. Ra3 Ra6 27. a5 e6 28. dxe6 fxe6 29. e5 d5 30. Rg3 Qe7 31. Qxg6+ Kh8 32. Re1 Rxb2 33. f5 exf5 34. Qxa6 Rxd2 35. Qa8+ Qf8 36. Qxf8+ Bxf8 37. Rb1 f4 38. Rg4 h5 39. Rxf4 Bh6 40. Rf7 Bg7 41. Rb8+ Kh7 42. Rbb7 c3 43. Rxg7+ Kh6 44. Rbc7 c2 45. Rgd7 d4 46. h4 Kg6 47. a6 Kf5 48. a7 c1Q 49. Rxc1 Ra2 50. Rc8 d3 51. a8Q 1-0

[Event "Pan American-ch U20"]
[Site "Vila Santa Cecilia"]
[Date "2023.11.10"]
[Round "8.14"]
[White "Nascimento, Nicolas Daniel Trin"]
[Black "Lima, Carlos Eduardo I De"]
[Result "1/2-1/2"]
[WhiteElo "1797"]
[BlackElo "1857"]
[PlyCount "152"]
[EventDate "2023.11.06"]
[EventType "swiss"]
[EventRounds "9"]
[EventCountry "BRA"]
[SourceTitle "CB46_2023"]
[SourceDate "2023.11.15"]
[SourceVersion "1"]
[SourceVersionDate "2023.11.15"]
[SourceQuality "1"]

1. Nf3 Nf6 2. d4 b6 3. g3 Bb7 4. Bg2 e6 5. 0-0 Be7 6. c4 0-0 7. Nc3 d5 8. cxd5 Nxd5 9. Re1 Nxc3 10. bxc3 c5 11. e4 Nc6 12. Bb2 Rc8 13. Rc1 Na5 14. Qe2 Qd7 15. Red1 Qa4 16. Ba1 Nc4 17. Nd2 cxd4 18. cxd4 Na5 19. Nf1 Ba3 20. Rxc8 Rxc8 21. Ne3 Bf8 22. d5 exd5 23. exd5 Nc4 24. Qg4 h5 25. Qxh5 Nxe3 26. fxe3 Qa3 27. Bd4 Rc1 28. Be4 Rxd1+ 29. Qxd1 g6 30. Qd2 Qa4 31. Bf3 Qb5 32. Bb2 Ba6 33. Bg2 Qd3 34. Qxd3 Bxd3 35. Be5 Be7 36. Bb8 Bc5 37. Kf2 a5 38. d6 Bb5 39. Bb7 Bd7 40. Kf3 Kf8 41. e4 f6 42. Bc7 a4 43. h4 a3 44. Bd5 Bd4 45. g4 Be5 46. Bxb6 Bxd6 47. Bd4 Ke7 48. h5 gxh5 49. gxh5 Be8 50. Kg4 Bd7+ 51. Kh4 Be8 52. h6 Bg6 53. Kg4 Bh7 54. Kh4 Bb4 55. e5 fxe5 56. Bxe5 Bd2 57. Kh5 Bc1 58. Bd4 Bb2 59. Be3 Kf6 60. Bg5+ Ke5 61. Bf7 Kf5 62. Be7 Bc1 63. Be8 Bb2 64. Bf7 Bc1 65. Bf8 Bb2 66. Bg7 Bc1 67. Be8 Bb2 68. Bf8 Kf6 69. Bg7+ Kf5 70. Ba4 Kf4 71. Bb3 Bc1 72. Bf8 Bb2 73. Be7 Ke5 74. Bd8 Bc1 75. Be7 Bb2 76. Bb4 Kf6 1/2-1/2

[Event "Pan American-ch U20"]
[Site "Vila Santa Cecilia"]
[Date "2023.11.08"]
[Round "5.16"]
[White "Lima, Carlos Eduardo I De"]
[Black "Andriska, Matheus Jose Amante"]
[Result "1-0"]
[WhiteElo "1857"]
[BlackElo "1261"]
[PlyCount "63"]
[EventDate "2023.11.06"]
[EventType "swiss"]
[EventRounds "9"]
[EventCountry "BRA"]
[SourceTitle "CB46_2023"]
[SourceDate "2023.11.15"]
[SourceVersion "1"]
[SourceVersionDate "2023.11.15"]
[SourceQuality "1"]

1. d4 Nf6 2. Nf3 e6 3. c4 Be7 4. Nc3 0-0 5. e4 d6 6. Bd3 Nbd7 7. e5 dxe5 8. dxe5 Ng4 9. Qe2 f6 10. exf6 Bxf6 11. 0-0 Nge5 12. Nxe5 Bxe5 13. Be3 Nf6 14. Rad1 Qe7 15. Bg5 Bxc3 16. bxc3 Qf7 17. Qe5 Ng4 18. Qg3 Nf6 19. h3 c6 20. Rd2 Kh8 21. Rfd1 Bd7 22. Qh4 h6 23. Bb1 c5 24. Bxf6 Qxf6 25. Qxf6 Rxf6 26. Rxd7 b6 27. Re7 a6 28. Rdd7 Rf4 29. Rxg7 Rxc4 30. Rg3 Re4 31. Bxe4 Rb8 32. Rh7# 1-0

[Event "Pan American-ch U20"]
[Site "Vila Santa Cecilia"]
[Date "2023.11.07"]
[Round "3.10"]
[White "Lima, Carlos Eduardo I De"]
[Black "Piccoli, Lucas Fonseca"]
[Result "0-1"]
[WhiteElo "1857"]
[BlackElo "2225"]
[PlyCount "84"]
[EventDate "2023.11.06"]
[EventType "swiss"]
[EventRounds "9"]
[EventCountry "BRA"]
[SourceTitle "CB46_2023"]
[SourceDate "2023.11.15"]
[SourceVersion "1"]
[SourceVersionDate "2023.11.15"]
[SourceQuality "1"]

1. d4 Nf6 2. Nf3 e6 3. e3 b6 4. Be2 Bb7 5. c4 Bb4+ 6. Bd2 Bxd2+ 7. Nbxd2 0-0 8. Qc2 d6 9. 0-0-0 c5 10. e4 Nc6 11. d5 Nd4 12. Nxd4 cxd4 13. Kb1 e5 14. h4 Rc8 15. f4 Qe7 16. f5 b5 17. g4 bxc4 18. Nxc4 Nxd5 19. exd5 Bxd5 20. f6 Qe6 21. fxg7 Rfe8 22. Rhe1 Bxc4 23. Bxc4 Rxc4 24. Qf2 Qg6+ 25. Ka1 Rc2 26. Qf3 Rb8 27. h5 Qe6 28. Rb1 Rc5 29. g5 Kxg7 30. h6+ Kf8 31. Rf1 Qd5 32. g6 Qxf3 33. gxh7 Ke7 34. Rxf3 Rh8 35. b4 Rc2 36. Rg1 Rxh7 37. Rh3 e4 38. Kb1 d3 39. a3 d5 40. Rf1 Rc6 41. Rfh1 d4 42. Re1 e3 0-1

[Event "Cuiaba Contaud op"]
[Site "Cuiaba"]
[Date "2023.11.04"]
[Round "6"]
[White "Lima, Carlos Eduardo I De"]
[Black "Azevedo Junior, Jose Ferreira"]
[Result "1-0"]
[WhiteElo "1857"]
[BlackElo "2103"]
[PlyCount "102"]
[EventDate "2023.11.02"]
[EventType "swiss"]
[EventRounds "7"]
[EventCountry "BRA"]
[SourceTitle "CB46_2023"]
[SourceDate "2023.11.15"]
[SourceVersion "1"]
[SourceVersionDate "2023.11.15"]
[SourceQuality "1"]

1. Nf3 d5 2. g3 g6 3. Bg2 Bg7 4. 0-0 Nf6 5. d3 0-0 6. Nbd2 c6 7. e4 Bg4 8. h3 Bxf3 9. Qxf3 Nbd7 10. Qe2 Qc7 11. Re1 e5 12. exd5 cxd5 13. c4 d4 14. Rb1 Rac8 15. b4 Rfe8 16. a3 b6 17. Bb2 Nh5 18. Bf3 Nhf6 19. Qd1 h5 20. Qa4 Bh6 21. Re2 Nf8 22. Rbe1 Qd7 23. Qxd7 N8xd7 24. Ne4 Nxe4 25. Bxe4 f5 26. Bb7 Kf8 27. Bxc8 Rxc8 28. f4 h4 29. fxe5 Be3+ 30. Rxe3 dxe3 31. Rxe3 hxg3 32. Rxg3 Kf7 33. e6+ Kxe6 34. Rxg6+ Kf7 35. Rg7+ Ke6 36. Kf2 a5 37. h4 axb4 38. axb4 Ra8 39. Ke3 Ra2 40. Bd4 Rh2 41. Rg6+ Kf7 42. Rc6 Rh3+ 43. Kd2 f4 44. c5 bxc5 45. bxc5 Rh2+ 46. Kc3 f3 47. Ra6 f2 48. Ra1 Ke6 49. c6 Nf8 50. Rf1 Rxh4 51. Rxf2 Nh7 1-0

[Event "Cuiaba Contaud op"]
[Site "Cuiaba"]
[Date "2022.10.29"]
[Round "8"]
[White "Lima, Carlos Eduardo I De"]
[Black "Lima, Stefan Moisei Vieir"]
[Result "0-1"]
[WhiteElo "1889"]
[BlackElo "2051"]
[PlyCount "90"]
[EventDate "2022.10.25"]
[EventType "swiss"]
[EventRounds "9"]
[EventCountry "BRA"]
[SourceTitle "EXT 2024"]
[Source "ChessBase"]
[SourceDate "2023.10.10"]
[SourceVersion "1"]
[SourceVersionDate "2023.10.10"]
[SourceQuality "1"]

1. d4 Nf6 2. Nf3 e6 3. e3 b6 4. b3 d5 5. Bb2 Bd6 6. Bd3 0-0 7. Nbd2 Bb7 8. 0-0 Nbd7 9. c4 Qe7 10. cxd5 exd5 11. Qc2 Rae8 12. Rac1 a6 13. Ne5 c5 14. Nxd7 Qxd7 15. dxc5 bxc5 16. Bxf6 gxf6 17. Bxh7+ Kg7 18. Bf5 Qc7 19. g3 Rh8 20. e4 Rh5 21. f4 c4 22. Bg4 Bc5+ 23. Kg2 Rh6 24. Bf3 Qd7 25. h4 Be3 26. Rce1 Bxf4 27. Bg4 Qxg4 28. Rxf4 Qe6 29. bxc4 dxe4 30. Re3 Bc6 31. Kg1 f5 32. Nf3 Qf6 33. Ng5 Qd4 34. Qc3 Qxc3 35. Rxc3 e3 36. Rf1 f4 37. Re1 fxg3 38. Rexe3 Rxe3 39. Rxe3 Rxh4 40. Rxg3 Rxc4 41. a3 a5 42. Ne4+ Kf8 43. Nd6 Rd4 44. Nf5 Rf4 45. Nd6 Ke7 0-1

[Event "BRA-ch 87th"]
[Site "Cuiaba"]
[Date "2021.11.03"]
[Round "10"]
[White "Lima, Carlos Eduardo I De"]
[Black "Dos Santos, Clecio Franca"]
[Result "1/2-1/2"]
[WhiteElo "1815"]
[BlackElo "2031"]
[PlyCount "120"]
[EventDate "2021.10.28"]
[EventType "swiss"]
[EventRounds "11"]
[EventCountry "BRA"]
[SourceTitle "CBM 205 Extra"]
[Source "ChessBase"]
[SourceDate "2022.01.31"]
[SourceVersion "1"]
[SourceVersionDate "2022.01.31"]
[SourceQuality "1"]

1. d4 Nf6 2. Nf3 g6 3. e3 Bg7 4. Bd3 d6 5. 0-0 0-0 6. b3 Nbd7 7. Bb2 e5 8. Nbd2 Re8 9. e4 exd4 10. Bxd4 a6 11. a4 b6 12. Re1 Bb7 13. Re2 Nc5 14. Qe1 Nxd3 15. cxd3 Qd7 16. Nf1 c5 17. Bb2 d5 18. e5 Nh5 19. d4 Nf4 20. Rd2 Bh6 21. Ne3 Ne6 22. Rad1 Nc7 23. h3 Rad8 24. Ng4 Bg7 25. Re2 Qe7 26. Re3 Kh8 27. Qc3 c4 28. bxc4 dxc4 29. Qxc4 Nd5 30. Rb3 Rc8 31. Qe2 h5 32. Ngh2 Bh6 33. g3 Qe6 34. Rbd3 Qxh3 35. Qf1 Qf5 36. Nh4 Qd7 37. f4 Rc2 38. R1d2 Rec8 39. Qe2 R2c6 40. f5 Bxd2 41. Qxd2 Kh7 42. Qg5 Qe7 43. f6 Qb4 44. Nf5 Kg8 45. Qh6 Qf8 46. Ng7 Nxf6 47. exf6 Rxf6 48. d5 Qc5+ 49. Qe3 Qxe3+ 50. Rxe3 Rd6 51. Ne8 Rdd8 52. Nf6+ Kf8 53. d6 Rc2 54. d7 Kg7 55. Bd4 Rc4 56. Bxb6 Rc1+ 57. Kf2 Rc2+ 58. Re2 Rxe2+ 59. Kxe2 Kxf6 60. Bxd8+ Ke6 1/2-1/2

[Event "BRA-ch 87th"]
[Site "Cuiaba"]
[Date "2021.11.02"]
[Round "9"]
[White "Silva, Guilherme Henrique"]
[Black "Lima, Carlos Eduardo I De"]
[Result "0-1"]
[WhiteElo "1943"]
[BlackElo "1815"]
[PlyCount "58"]
[EventDate "2021.10.28"]
[EventType "swiss"]
[EventRounds "11"]
[EventCountry "BRA"]
[SourceTitle "CBM 205 Extra"]
[Source "ChessBase"]
[SourceDate "2022.01.31"]
[SourceVersion "1"]
[SourceVersionDate "2022.01.31"]
[SourceQuality "1"]

1. e4 e6 2. d4 d5 3. e5 c5 4. c3 Nc6 5. Nf3 Bd7 6. a3 Qb6 7. b4 cxd4 8. cxd4 Rc8 9. Bb2 Nge7 10. Bd3 Ng6 11. g3 Na5 12. Nbd2 Nc4 13. Qb3 Nxb2 14. Qxb2 Bb5 15. Qb3 Be7 16. h4 Nf8 17. 0-0 Nd7 18. Kg2 0-0 19. Ng5 g6 20. Rh1 Rc7 21. Rac1 Rfc8 22. Rxc7 Rxc7 23. Ndf3 h6 24. Nh3 Bxd3 25. Qxd3 Qc6 26. Nf4 Qc2 27. Qb5 a6 28. Qb6 Bd8 29. b5 Rc8 0-1

[Event "BRA-ch 87th"]
[Site "Cuiaba"]
[Date "2021.10.30"]
[Round "4"]
[White "Lima, Carlos Eduardo I De"]
[Black "Silva, Lucas Henrique Da"]
[Result "0-1"]
[WhiteElo "1815"]
[BlackElo "2158"]
[PlyCount "82"]
[EventDate "2021.10.28"]
[EventType "swiss"]
[EventRounds "11"]
[EventCountry "BRA"]
[SourceTitle "CBM 205 Extra"]
[Source "ChessBase"]
[SourceDate "2022.01.31"]
[SourceVersion "1"]
[SourceVersionDate "2022.01.31"]
[SourceQuality "1"]

1. d4 Nf6 2. Nf3 g6 3. Bf4 Bg7 4. e3 0-0 5. Bd3 d6 6. Nbd2 Nbd7 7. Bg3 c5 8. c3 b6 9. e4 Nh5 10. 0-0 Nxg3 11. hxg3 Rb8 12. Re1 Qc7 13. Nf1 e6 14. Rc1 b5 15. Bb1 Rd8 16. Qd2 Qb6 17. d5 e5 18. Nh4 Nf6 19. Rcd1 Ng4 20. Nh2 c4 21. Qe2 h5 22. Nxg4 Bxg4 23. Nf3 Bh6 24. b4 cxb3 25. axb3 Rdc8 26. c4 bxc4 27. bxc4 Qc5 28. Bd3 a5 29. Qa2 Rb4 30. Ra1 a4 31. Reb1 Rcb8 32. Rxb4 Rxb4 33. Ne1 Bd7 34. Bf1 Rb3 35. Bd3 Qb4 36. Bc2 Rb2 37. Qa3 Qxa3 38. Rxa3 Bd2 39. Bxa4 Bxa4 40. Rxa4 Bxe1 41. f3 Bxg3 0-1

[Event "BRA-ch 87th"]
[Site "Cuiaba"]
[Date "2021.10.29"]
[Round "2"]
[White "Lima, Carlos Eduardo I De"]
[Black "Mazetto, Sergio Luiz"]
[Result "1/2-1/2"]
[WhiteElo "1815"]
[BlackElo "2119"]
[PlyCount "96"]
[EventDate "2021.10.28"]
[EventType "swiss"]
[EventRounds "11"]
[EventCountry "BRA"]
[SourceTitle "CBM 205 Extra"]
[Source "ChessBase"]
[SourceDate "2022.01.31"]
[SourceVersion "1"]
[SourceVersionDate "2022.01.31"]
[SourceQuality "1"]

1. d4 Nf6 2. Nf3 d5 3. c3 Bf5 4. Bf4 e6 5. e3 c6 6. Bd3 Bxd3 7. Qxd3 Bd6 8. Bg3 Qe7 9. Nbd2 0-0 10. 0-0 Bxg3 11. hxg3 Nbd7 12. e4 dxe4 13. Nxe4 Rfd8 14. Rae1 Nxe4 15. Qxe4 h6 16. g4 Nf6 17. Qf4 Nd5 18. Qe5 Qf6 19. Qh5 Nf4 20. Qh2 g5 21. Ne5 Kg7 22. g3 Ng6 23. f4 gxf4 24. gxf4 Nxe5 25. Rxe5 Rd5 26. g5 Qg6 27. Qxh6+ Qxh6 28. gxh6+ Kxh6 29. Kf2 Kg7 30. Rg1+ Kf6 31. Rh1 Rg8 32. Rh2 Rg4 33. Ke3 b5 34. Ke4 a5 35. c4 bxc4 36. Rc2 Ke7 37. Kf3 Rg8 38. Rxc4 Kd6 39. Ra4 Rb8 40. Rxd5+ Kxd5 41. Rxa5+ Kxd4 42. b3 c5 43. Kg4 f6 44. Ra6 Kd5 45. f5 Rb4+ 46. Kf3 exf5 47. Rxf6 Ke5 48. Rc6 Kd5 1/2-1/2

[Event "BRA-ch 87th"]
[Site "Cuiaba"]
[Date "2021.10.28"]
[Round "1"]
[White "Proudian, Armen"]
[Black "Lima, Carlos Eduardo I De"]
[Result "1/2-1/2"]
[WhiteElo "2427"]
[BlackElo "1815"]
[PlyCount "173"]
[EventDate "2021.10.28"]
[EventType "swiss"]
[EventRounds "11"]
[EventCountry "BRA"]
[SourceTitle "CBM 205 Extra"]
[Source "ChessBase"]
[SourceDate "2022.01.31"]
[SourceVersion "1"]
[SourceVersionDate "2022.01.31"]
[SourceQuality "1"]

1. e4 c6 2. d4 d5 3. Nc3 dxe4 4. Nxe4 Bf5 5. Ng3 Bg6 6. Bc4 Nf6 7. h4 h6 8. N1e2 e6 9. Nf4 Bh7 10. Qe2 Qd6 11. 0-0 Nbd7 12. Re1 0-0-0 13. c3 Re8 14. Nd3 Bxd3 15. Qxd3 Nb6 16. Bb3 Nbd5 17. Qf3 Qd7 18. c4 Nc7 19. Be3 Kb8 20. Ne2 Bd6 21. Red1 Qc8 22. Bc2 e5 23. Bf5 e4 24. Qh3 Qd8 25. d5 cxd5 26. Nc3 h5 27. c5 Be5 28. Nxe4 Nxe4 29. Bxe4 Bxb2 30. Rab1 Rxe4 31. Rxb2 Qxh4 32. Rdb1 Qxh3 33. Rxb7+ Ka8 34. gxh3 Rc8 35. c6 Ra4 36. Bc5 Ra6 37. a3 Ne6 38. Bd6 Rb6 39. R1xb6 axb6 40. Rxb6 Ka7 41. Rb7+ Ka6 42. Rxf7 Rxc6 43. Bb4 g6 44. Rd7 d4 45. a4 Nf4 46. Bd2 Ne6 47. Kf1 Kb6 48. Ke2 Kc5 49. Rb7 Kd5 50. a5 Nc5 51. Rb4 Re6+ 52. Kf3 Rf6+ 53. Ke2 Re6+ 54. Kf1 Ne4 55. Be1 d3 56. f3 Nd6 57. Rb3 Kd4 58. Rb6 Ke3 59. a6 d2 60. Bxd2+ Kxd2 61. a7 Re1+ 62. Kf2 Ra1 63. Rxd6+ Kc3 64. Rd7 g5 65. Ke3 Re1+ 66. Kf2 Ra1 67. Kg3 Ra4 68. Rg7 h4+ 69. Kf2 Kd3 70. Rd7+ Kc4 71. Ke3 Kc5 72. Rg7 Kd6 73. Rg6+ Ke5 74. Rxg5+ Kf6 75. Rg4 Ra3+ 76. Kd4 Rxa7 77. Rf4+ Kg5 78. Rf8 Ra4+ 79. Kd3 Ra3+ 80. Kc4 Ra4+ 81. Kd5 Rf4 82. Rg8+ Kf5 83. Rh8 Kg5 84. Ke5 Rxf3 85. Rg8+ Kh6 86. Rh8+ Kg5 87. Rg8+ 1/2-1/2